Visualizzazione normale
Vista MARC
- Boer, Wietse de,
di Personal Name
Records bibliografici associati: 2
001 - CONTROL NUMBER
- control field: 55652
003 - CONTROL NUMBER IDENTIFIER
- control field: IT-RoINE
005 - DATE AND TIME OF LATEST TRANSACTION
- control field: 20181219105700.0
008 - FIXED-LENGTH DATA ELEMENTS
- fixed length control field: 181219|| aca||aabn | a|a d
040 ## - CATALOGING SOURCE
- Original cataloging agency: IT-RoINE
- Transcribing agency: IT-RoINE
100 ## - HEADING--PERSONAL NAME
- Personal name: Boer, Wietse de,
- Dates associated with a name: 1957-
670 ## - SOURCE DATA FOUND
- Source citation: Work cat.: (IT-RoINE)0: Boer, Wietse de, 1957-, La conquista dell'anima :, 2004.